[Event "TUR Cup"]
[Site "Antalya"]
[Date "2020.01.29"]
[Round "6"]
[White "Tinmaz, Kerem"]
[Black "Saygili, Adnan Mesih"]
[Result "1-0"]
[WhiteElo "1729"]
[BlackElo "1545"]
[PlyCount "77"]
[EventDate "2020.01.26"]
[EventType "swiss"]
[EventRounds "11"]
[EventCountry "TUR"]
[SourceTitle "CBM 194 Extra"]
[Source "ChessBase"]
[SourceDate "2020.03.31"]
[SourceVersion "1"]
[SourceVersionDate "2020.03.31"]
[SourceQuality "1"]

1. e4 c5 2. Nc3 e6 3. g3 Nc6 4. Bg2 d6 5. d3 g6 6. Be3 Bg7 7. Qd2 Rb8 8. f4 f5 9. Nge2 Nf6 10. h3 a6 11. 0-0 0-0 12. Rab1 Qc7 13. Rfe1 b5 14. Nd1 Bb7 15. Nf2 Na5 16. b3 Nc6 17. g4 fxe4 18. Nxe4 Nd5 19. Ng5 Qd7 20. Bxd5 exd5 21. d4 c4 22. b4 Rbe8 23. c3 Nd8 24. Ng3 Ne6 25. Nxe6 Rxe6 26. f5 gxf5 27. gxf5 Ree8 28. Qe2 Qf7 29. Rf1 Bh6 30. Qg4+ Bg7 31. Nh5 Rxe3 32. f6 Qg6 33. fxg7 Rd8 34. Rb2 Bc8 35. Rbf2 Qxg4+ 36. hxg4 Ree8 37. Rf7 Bxg4 38. Nf6+ Kxf7 39. Nxe8+ 1-0

[Event "TUR Cup"]
[Site "Antalya"]
[Date "2019.01.31"]
[Round "8"]
[White "Saygili, Adnan Mesih"]
[Black "Dinler, Oral"]
[Result "1-0"]
[WhiteElo "1594"]
[BlackElo "1688"]
[PlyCount "113"]
[EventDate "2019.01.27"]
[EventType "swiss"]
[EventRounds "11"]
[EventCountry "TUR"]
[SourceTitle "CBM 188 Extra"]
[Source "ChessBase"]
[SourceDate "2019.02.26"]
[SourceVersion "1"]
[SourceVersionDate "2019.02.26"]
[SourceQuality "1"]

1. d4 Nf6 2. Bf4 d6 3. e3 g6 4. Nf3 Bg7 5. Be2 0-0 6. Nbd2 c5 7. c3 cxd4 8. cxd4 Nc6 9. 0-0 Bf5 10. Qb3 Na5 11. Qa4 Bd7 12. Bb5 Bxb5 13. Qxb5 b6 14. b4 a6 15. Qa4 b5 16. Qxa5 Qxa5 17. bxa5 Nd5 18. Bg3 Rac8 19. Rfc1 Nc3 20. Kf1 f6 21. Rc2 Nd5 22. Rac1 Ra8 23. a3 e5 24. Ne4 f5 25. Neg5 f4 26. exf4 exf4 27. Bh4 h6 28. Ne6 Rfe8 29. Nxg7 Kxg7 30. Rc6 Re6 31. Re1 Kf7 32. Rec1 Kg7 33. Rc8 Rxc8 34. Rxc8 g5 35. Bxg5 hxg5 36. Nxg5 Re7 37. Rc6 b4 38. axb4 Nxb4 39. Rxd6 Nc2 40. Nf3 Rb7 41. Rb6 Rd7 42. Rxa6 Nxd4 43. Nxd4 Rxd4 44. Ra7+ Kf6 45. a6 Kf5 46. Rf7+ Ke4 47. f3+ Ke3 48. Re7+ Kd3 49. a7 Ra4 50. g3 Ra2 51. gxf4 Kd4 52. h4 Kd5 53. h5 Kd6 54. Rg7 Ke6 55. h6 Kf6 56. Rb7 Kg6 57. h7 1-0

[Event "TUR Cup"]
[Site "Antalya"]
[Date "2019.01.30"]
[Round "6"]
[White "Saygili, Adnan Mesih"]
[Black "Dogan, Ugur"]
[Result "0-1"]
[WhiteElo "1594"]
[BlackElo "1670"]
[PlyCount "44"]
[EventDate "2019.01.27"]
[EventType "swiss"]
[EventRounds "11"]
[EventCountry "TUR"]
[SourceTitle "CBM 188 Extra"]
[Source "ChessBase"]
[SourceDate "2019.02.26"]
[SourceVersion "1"]
[SourceVersionDate "2019.02.26"]
[SourceQuality "1"]

1. d4 Nf6 2. Bf4 e6 3. e3 d5 4. Nf3 Be7 5. Bd3 Nbd7 6. Nbd2 c5 7. c3 b6 8. a4 a6 9. Ne5 Bb7 10. 0-0 0-0 11. h3 Re8 12. Re1 Nf8 13. Ndf3 Ne4 14. Qc2 Rc8 15. Bxe4 dxe4 16. Nd2 cxd4 17. exd4 Qxd4 18. Nxe4 f5 19. Nf3 Qc4 20. Nd6 Qxf4 21. Nxc8 Rxc8 22. Nd4 Qxd4 0-1